[Event "Donau op 28th"]
[Site "Aschach"]
[Date "2019.12.27"]
[Round "2"]
[White "Horvath, Jozsef"]
[Black "Ly, Dominik"]
[Result "1-0"]
[WhiteElo "2444"]
[BlackElo "2220"]
[PlyCount "107"]
[EventDate "2019.12.26"]
[EventType "swiss"]
[EventRounds "7"]
[EventCountry "AUT"]
[SourceTitle "CBM 194 Extra"]
[Source "ChessBase"]
[SourceDate "2020.03.31"]
[SourceVersion "1"]
[SourceVersionDate "2020.03.31"]
[SourceQuality "1"]

1. c4 Nf6 2. Nf3 e6 3. g3 d5 4. b3 b6 5. Bg2 Bb7 6. Bb2 Be7 7. cxd5 exd5 8. 0-0 0-0 9. d4 Nbd7 10. Nc3 a6 11. Ne5 Bd6 12. Nc4 Bb4 13. a3 Bxc3 14. Bxc3 Ne4 15. Bxe4 dxe4 16. d5 Nf6 17. d6 cxd6 18. Nxd6 Bd5 19. Nf5 Be6 20. Qxd8 Rfxd8 21. Nd4 Bd5 22. Rfc1 Ne8 23. e3 g6 24. Rab1 Ng7 25. Ne2 Ne6 26. Bf6 Rd7 27. Nc3 Nc5 28. Bd4 Nd3 29. Nxd5 Rxd5 30. Rc6 b5 31. Rc7 Rf5 32. Rf1 Kf8 33. Kg2 Re8 34. g4 Rg5 35. h3 h5 36. Bf6 Rc5 37. Rxc5 Nxc5 38. gxh5 gxh5 39. b4 Nd3 40. Kg3 Re6 41. Bd4 Rg6+ 42. Kh4 Ke7 43. Kxh5 Rg2 44. h4 Nxf2 45. Rc1 Rg6 46. Rc7+ Ke8 47. Rc8+ Kd7 48. Rf8 Ke6 49. Re8+ Kd7 50. Re5 Nh1 51. Rg5 Ng3+ 52. Kg4 Rxg5+ 53. Kxg5 Ke6 54. h5 1-0

[Event "Zadar op-A 26th"]
[Site "Zadar"]
[Date "2019.12.15"]
[Round "1"]
[White "Bhambure, Shantanu"]
[Black "Ly, Dominik"]
[Result "1-0"]
[WhiteElo "2340"]
[BlackElo "2220"]
[PlyCount "61"]
[EventDate "2019.12.15"]
[EventType "swiss"]
[EventRounds "9"]
[EventCountry "CRO"]
[SourceTitle "CBM 193 Extra"]
[Source "ChessBase"]
[SourceDate "2020.01.31"]
[SourceVersion "1"]
[SourceVersionDate "2020.01.31"]
[SourceQuality "1"]

1. d4 d5 2. c4 c6 3. Nf3 Nf6 4. Qc2 e6 5. Bg5 Nbd7 6. e3 Be7 7. Nc3 0-0 8. Rd1 b6 9. Bd3 Bb7 10. 0-0 Rc8 11. Qb1 h6 12. Bh4 c5 13. cxd5 exd5 14. dxc5 bxc5 15. Bf5 Rb8 16. Bg3 Ra8 17. Rfe1 Nb6 18. e4 d4 19. Nb5 Ne8 20. Nfxd4 cxd4 21. Rxd4 Nd5 22. exd5 Bf6 23. Rdd1 Qb6 24. Nc3 Rd8 25. Be5 Bxe5 26. Rxe5 Nf6 27. Qd3 Qd6 28. Qd4 g6 29. Bh3 a6 30. g3 Rfe8 31. f4 1-0

[Event "AUT-chT2M 1920"]
[Site "Austria"]
[Date "2019.11.08"]
[Round "4.2"]
[White "Ly, Dominik"]
[Black "Ftacnik, Lubomir"]
[Result "1/2-1/2"]
[WhiteElo "2228"]
[BlackElo "2521"]
[PlyCount "83"]
[EventDate "2019.10.11"]
[EventType "team-tourn"]
[EventRounds "11"]
[EventCountry "AUT"]
[SourceTitle "CBM 192 Extra"]
[Source "Chessbase"]
[SourceDate "2019.11.06"]
[SourceVersion "1"]
[SourceVersionDate "2019.11.06"]
[SourceQuality "1"]
[WhiteTeam "Freistadt/Wartberg"]
[BlackTeam "Pinggau Friedberg"]
[WhiteTeamCountry "AUT"]
[BlackTeamCountry "AUT"]

1. c4 Nf6 2. Nc3 c5 3. Nf3 e6 4. d4 cxd4 5. Nxd4 Nc6 6. a3 Be7 7. e4 0-0 8. Nf3 d6 9. Be2 b6 10. 0-0 Bb7 11. Bg5 Rc8 12. Rc1 Na5 13. Nd2 h6 14. Bh4 Qd7 15. Bg3 Rfd8 16. b4 Nc6 17. f4 Nd4 18. Bd3 d5 19. cxd5 exd5 20. e5 Ne4 21. Ncxe4 dxe4 22. Rxc8 Bxc8 23. Nxe4 Nf5 24. Be2 Qc6 25. Qb1 Nd4 26. Bd3 Qa4 27. Qb2 Nb5 28. Bxb5 Qxb5 29. f5 Bxf5 30. Nd6 Bxd6 31. exd6 Bg6 32. Be5 f6 33. Bxf6 gxf6 34. Qxf6 Qg5 35. Qe6+ Kh8 36. h4 Qxh4 37. Qxg6 Qd4+ 38. Kh2 Qh4+ 39. Kg1 Qd4+ 40. Kh2 Qxd6+ 41. Qxd6 Rxd6 42. Rf7 1/2-1/2

[Event "Kirchberg Land-ch"]
[Site "Kirchberg"]
[Date "2019.04.15"]
[Round "4"]
[White "Ly, Dominik"]
[Black "Burlacu, Bogdan"]
[Result "1/2-1/2"]
[WhiteElo "2227"]
[BlackElo "2288"]
[PlyCount "68"]
[EventDate "2019.04.12"]
[EventType "tourn"]
[EventRounds "9"]
[EventCountry "AUT"]
[SourceTitle "CBM 190 Extra"]
[Source "ChessBase"]
[SourceDate "2019.07.15"]
[SourceVersion "1"]
[SourceVersionDate "2019.07.15"]
[SourceQuality "1"]

1. e4 c5 2. Nf3 d6 3. d4 cxd4 4. Nxd4 Nf6 5. Nc3 a6 6. Bg5 e6 7. f4 h6 8. Bh4 Qb6 9. a3 Nc6 10. Bf2 Qc7 11. Bd3 g5 12. Nxc6 bxc6 13. Bd4 e5 14. fxe5 dxe5 15. Qf3 Be7 16. Be3 Be6 17. 0-0 Rb8 18. Rab1 a5 19. Kh1 Rg8 20. Qe2 Bg4 21. Qf2 Be6 22. Bc5 Bxc5 23. Qxc5 Nd7 24. Qe3 Rg6 25. b4 axb4 26. axb4 Rf6 27. Rxf6 Nxf6 28. b5 Nd7 29. h3 Ke7 30. Qe1 cxb5 31. Rxb5 Rxb5 32. Bxb5 Nf6 33. Bd3 Qc5 34. Nd1 Bd7 1/2-1/2

[Event "Donau op 27th"]
[Site "Aschach"]
[Date "2018.12.31"]
[Round "7"]
[White "Malakhatko, Vadim"]
[Black "Ly, Dominik"]
[Result "1-0"]
[WhiteElo "2545"]
[BlackElo "2277"]
[PlyCount "163"]
[EventDate "2018.12.26"]
[EventType "swiss"]
[EventRounds "7"]
[EventCountry "AUT"]
[SourceTitle "CBM 188 Extra"]
[Source "ChessBase"]
[SourceDate "2019.02.26"]
[SourceVersion "1"]
[SourceVersionDate "2019.02.26"]
[SourceQuality "1"]

1. d4 d5 2. c4 e6 3. Nf3 Nf6 4. g3 Be7 5. Bg2 0-0 6. 0-0 c6 7. Nc3 Nbd7 8. Nd2 b5 9. b3 bxc4 10. bxc4 Rb8 11. Qc2 Ba6 12. Rd1 Qc8 13. c5 e5 14. e3 Re8 15. Bh3 Bf8 16. Nf3 e4 17. Ne1 g6 18. Bd2 h5 19. Rdb1 Rxb1 20. Rxb1 Ng4 21. Bg2 h4 22. h3 Nh6 23. g4 f5 24. gxf5 gxf5 25. Qd1 Nf6 26. Ne2 Nf7 27. Nf4 Bc4 28. Rb4 Bh6 29. Qa4 Bxf4 30. exf4 Re7 31. Bf1 Bxf1 32. Kxf1 Nd8 33. Ng2 Rh7 34. Be3 Kf8 35. Ke2 Qc7 36. Qa6 Nd7 37. Bd2 Nb8 38. Qa4 Nd7 39. Kd1 Ne6 40. Kc2 Kf7 41. Qa6 Kf6 42. Rb7 Qc8 43. Be3 Nd8 44. Rxa7 Qxa6 45. Rxa6 Nf8 46. Ra8 Nfe6 47. a4 Rg7 48. Nxh4 Rh7 49. Ng2 Rxh3 50. Ne1 Rh7 51. a5 Rd7 52. Kc3 Nc7 53. Rb8 Na6 54. Rb6 Ra7 55. Nc2 Ke6 56. Bd2 Kd7 57. Ne3 Ke6 58. Kc2 Ra8 59. Rb1 Ra7 60. Rh1 Rf7 61. Rh6+ Rf6 62. Rh8 Ke7 63. Kb3 Rf7 64. Rh5 Ke6 65. Ka4 Nc7 66. Nc2 Na6 67. Be1 Kd7 68. Bd2 Ke6 69. Nb4 Nxb4 70. Bxb4 Ra7 71. Rh6+ Ke7 72. Rh7+ Nf7 73. Rg7 Ra6 74. Be1 Ra8 75. f3 exf3 76. Bh4+ Kf8 77. Rg3 Nh8 78. Rxf3 Ng6 79. Bf6 Kf7 80. Be5 Ne7 81. Rb3 Ke6 82. Rb6 1-0

[Event "Donau op 27th"]
[Site "Aschach"]
[Date "2018.12.27"]
[Round "3"]
[White "Ly, Dominik"]
[Black "Postlmayer, Jakob"]
[Result "1/2-1/2"]
[WhiteElo "2277"]
[BlackElo "2120"]
[PlyCount "131"]
[EventDate "2018.12.26"]
[EventType "swiss"]
[EventRounds "7"]
[EventCountry "AUT"]
[SourceTitle "CBM 188 Extra"]
[Source "ChessBase"]
[SourceDate "2019.02.26"]
[SourceVersion "1"]
[SourceVersionDate "2019.02.26"]
[SourceQuality "1"]

1. e4 e5 2. Nf3 Nf6 3. Nxe5 d6 4. Nf3 Nxe4 5. Nc3 Nxc3 6. dxc3 Be7 7. Be3 Nc6 8. Qd2 Be6 9. h3 Qd7 10. 0-0-0 a6 11. Be2 Bf6 12. Bg5 Qe7 13. Qf4 Bxg5 14. Nxg5 0-0-0 15. Bg4 Ne5 16. Rhe1 Bxg4 17. Qxg4+ Qd7 18. Qf4 h6 19. Ne4 f5 20. Ng3 Rdf8 21. h4 g6 22. Ne2 g5 23. hxg5 hxg5 24. Qxg5 Rhg8 25. Qe3 Rxg2 26. Nf4 Rg4 27. Nd5 Nc6 28. f3 Rgg8 29. c4 Kb8 30. c5 Rg6 31. Nf4 Rgf6 32. Re2 Rd8 33. a3 Qf7 34. Kb1 dxc5 35. Rxd8+ Nxd8 36. Qxc5 Ne6 37. Nxe6 Rxe6 38. Qd5 Rf6 39. Qd8+ Ka7 40. Re7 Qc4 41. Rxc7 Rc6 42. Rxc6 Qxc6 43. Qd4+ Ka8 44. f4 Qh1+ 45. Ka2 Qg2 46. Qc4 Kb8 47. Qd3 Qg4 48. Qd8+ Ka7 49. Qd6 Ka8 50. Qe5 Qg8+ 51. b3 Qc8 52. Kb2 Ka7 53. b4 Ka8 54. Qd5 Qh8+ 55. c3 Qh2+ 56. Kb3 Qxf4 57. a4 Qg5 58. b5 axb5 59. axb5 Qf6 60. Qc5 b6 61. Qc8+ Ka7 62. c4 f4 63. c5 bxc5 64. Qc7+ Ka8 65. Qc8+ Ka7 66. Qc7+ 1/2-1/2

[Event "AUT-ch"]
[Site "Vienna"]
[Date "2018.07.29"]
[Round "9"]
[White "Ly, Dominik"]
[Black "Morgunov, Daniel"]
[Result "0-1"]
[WhiteElo "2217"]
[BlackElo "2346"]
[PlyCount "78"]
[EventDate "2018.07.22"]
[EventType "swiss"]
[EventRounds "9"]
[EventCountry "AUT"]
[SourceTitle "CBM 185 Extra"]
[Source "ChessBase"]
[SourceDate "2018.07.29"]
[SourceVersion "1"]
[SourceVersionDate "2018.07.29"]
[SourceQuality "1"]

1. e4 c5 2. b3 e6 3. Bb2 d5 4. exd5 exd5 5. d4 Nf6 6. Nf3 Be7 7. Bb5+ Nc6 8. 0-0 0-0 9. h3 Ne4 10. Nbd2 Bf6 11. Nxe4 dxe4 12. Bxc6 bxc6 13. Ne5 Qc7 14. Ng4 Bxd4 15. Bxd4 cxd4 16. Qxd4 Bxg4 17. hxg4 Qf4 18. Rfe1 Rfe8 19. Qd7 Re6 20. Rad1 Rf8 21. Qxa7 Rh6 22. Qe3 Qxg4 23. Qxe4 Qh5 24. g3 f5 25. Qg2 f4 26. g4 Qc5 27. c4 Rg6 28. Kf1 h5 29. f3 hxg4 30. fxg4 f3 31. Qf2 Qg5 32. Re4 Rh6 33. Qg1 Qh4 34. Red4 Re6 35. R4d2 Qh3+ 36. Kf2 Qh4+ 37. Kf1 Rfe8 38. Qf2 Qh1+ 39. Qg1 Re1+ 0-1

[Event "AUT-ch"]
[Site "Vienna"]
[Date "2018.07.23"]
[Round "2"]
[White "Schwabeneder, Florian"]
[Black "Ly, Dominik"]
[Result "1-0"]
[WhiteElo "2431"]
[BlackElo "2217"]
[PlyCount "57"]
[EventDate "2018.07.22"]
[EventType "swiss"]
[EventRounds "9"]
[EventCountry "AUT"]
[SourceTitle "CBM 185 Extra"]
[Source "ChessBase"]
[SourceDate "2018.07.29"]
[SourceVersion "1"]
[SourceVersionDate "2018.07.29"]
[SourceQuality "1"]

1. e4 c5 2. Nf3 d6 3. c3 Nf6 4. Be2 Nbd7 5. Qc2 e6 6. d4 Be7 7. 0-0 0-0 8. Rd1 cxd4 9. cxd4 b6 10. Nc3 Bb7 11. Bd3 h6 12. Bf4 Rc8 13. Qe2 Re8 14. Nb5 Nf8 15. Nxa7 Ra8 16. Nb5 Ng6 17. Bd2 Qd7 18. a4 Bc6 19. b3 Qb7 20. Re1 Nh5 21. g3 Rac8 22. Rac1 Nf6 23. Nc3 Qd7 24. Na2 Bf8 25. Nb4 Ne7 26. Nxc6 Nxc6 27. Bb5 Rc7 28. Rc3 d5 29. Bxc6 1-0

[Event "AUT-ch U18"]
[Site "St Veit"]
[Date "2018.03.27"]
[Round "4"]
[White "Mesaros, Florian"]
[Black "Ly, Dominik"]
[Result "1-0"]
[WhiteElo "2421"]
[BlackElo "2253"]
[PlyCount "37"]
[EventDate "2018.03.25"]
[EventType "swiss"]
[EventRounds "7"]
[EventCountry "AUT"]
[SourceTitle "EXT 2019"]
[Source "ChessBase"]
[SourceDate "2018.10.10"]
[SourceVersion "1"]
[SourceVersionDate "2018.10.10"]
[SourceQuality "1"]

1. Nf3 c5 2. c4 Nc6 3. Nc3 g6 4. e3 Nf6 5. d4 cxd4 6. exd4 d5 7. cxd5 Nxd5 8. Qb3 Nxc3 9. Bc4 Nd5 10. Bxd5 e6 11. Bxc6+ bxc6 12. 0-0 Qd5 13. Bg5 Qf5 14. d5 f6 15. Qc3 Kf7 16. Bxf6 Qxf6 17. Qxc6 Be7 18. Qxa8 Ba6 19. Ng5+ 1-0

[Event "AUT-ch U18"]
[Site "St Veit"]
[Date "2017.04.13"]
[Round "7"]
[White "Schwab, Lukas"]
[Black "Ly, Dominik"]
[Result "0-1"]
[WhiteElo "2173"]
[BlackElo "2162"]
[PlyCount "88"]
[EventDate "2017.04.09"]
[EventType "swiss"]
[EventRounds "7"]
[EventCountry "AUT"]
[SourceTitle "CBM 178 Extra"]
[Source "ChessBase"]
[SourceDate "2017.06.22"]
[SourceVersion "1"]
[SourceVersionDate "2017.06.22"]
[SourceQuality "1"]

1. e4 c5 2. Nf3 d6 3. d4 cxd4 4. Nxd4 Nf6 5. Nc3 a6 6. h3 e5 7. Nde2 h5 8. Bg5 Be6 9. Bxf6 Qxf6 10. Nd5 Qd8 11. a4 Nc6 12. Nec3 g6 13. g3 Bh6 14. Bg2 Rc8 15. 0-0 Nd4 16. f4 Bxd5 17. exd5 Qb6 18. fxe5 Nxc2+ 19. Kh1 Nxa1 20. exd6 0-0 21. Qxa1 Qxd6 22. Ne4 Qe5 23. Qa3 Bg7 24. d6 Qxb2 25. Qf3 Rc1 26. d7 Rxf1+ 27. Bxf1 Qd4 28. Ng5 Qxd7 29. Bc4 Qc6 30. Qxc6 bxc6 31. Bxa6 Bh6 32. Ne4 Ra8 33. Bb7 Rxa4 34. Bxc6 Rc4 35. Bd5 Rd4 36. Bc6 Kg7 37. Kg2 f5 38. Nf2 Be3 39. Nh1 Rd1 40. Bf3 Rd2+ 41. Kf1 Kf6 42. g4 fxg4 43. hxg4 h4 44. Be2 Ke5 0-1

[Event "AUT-ch U18"]
[Site "St Veit"]
[Date "2017.04.12"]
[Round "6"]
[White "Ly, Dominik"]
[Black "Walder, Elias"]
[Result "1-0"]
[WhiteElo "2162"]
[BlackElo "1892"]
[PlyCount "87"]
[EventDate "2017.04.09"]
[EventType "swiss"]
[EventRounds "7"]
[EventCountry "AUT"]
[SourceTitle "CBM 178 Extra"]
[Source "ChessBase"]
[SourceDate "2017.06.22"]
[SourceVersion "1"]
[SourceVersionDate "2017.06.22"]
[SourceQuality "1"]

1. e4 c5 2. Nf3 Nc6 3. Bb5 g6 4. Bxc6 bxc6 5. 0-0 Bg7 6. c3 d6 7. d4 cxd4 8. cxd4 Nf6 9. Nc3 0-0 10. h3 Nd7 11. Be3 Ba6 12. Re1 c5 13. Qa4 cxd4 14. Bxd4 Bxd4 15. Nxd4 Nc5 16. Qa3 Bb7 17. b4 Nd3 18. Red1 Ne5 19. Rac1 Qd7 20. Nd5 Bxd5 21. exd5 Rfc8 22. Qb3 Rxc1 23. Rxc1 Rc8 24. Nc6 Nxc6 25. Qc3 e6 26. dxc6 Qc7 27. b5 Qb6 28. Rb1 a6 29. a4 axb5 30. axb5 Ra8 31. Qe3 Qc7 32. Qd4 Rb8 33. h4 e5 34. Qd5 Kf8 35. b6 Rxb6 36. Rxb6 Qxb6 37. Qxd6+ Kg8 38. Qd7 Qc5 39. c7 Qc1+ 40. Kh2 Qf4+ 41. Kh3 Qxf2 42. c8Q+ Kg7 43. Qc3 Qf4 44. Qf3 1-0

[Event "AUT-ch U18"]
[Site "St Veit"]
[Date "2017.04.11"]
[Round "4"]
[White "Ly, Dominik"]
[Black "Atzl, Florian"]
[Result "1-0"]
[WhiteElo "2162"]
[BlackElo "2026"]
[PlyCount "57"]
[EventDate "2017.04.09"]
[EventType "swiss"]
[EventRounds "7"]
[EventCountry "AUT"]
[SourceTitle "CBM 178 Extra"]
[Source "ChessBase"]
[SourceDate "2017.06.22"]
[SourceVersion "1"]
[SourceVersionDate "2017.06.22"]
[SourceQuality "1"]

1. e4 e5 2. Nf3 Nc6 3. Bc4 Bc5 4. 0-0 Nf6 5. d3 0-0 6. h3 h6 7. Re1 d6 8. c3 Be6 9. Bb3 Bxb3 10. axb3 a6 11. Nbd2 Nh5 12. Nf1 Ba7 13. Ne3 Nf4 14. Nf5 Ng6 15. Nh2 d5 16. Qh5 dxe4 17. dxe4 Nf4 18. Bxf4 exf4 19. Ng4 Kh7 20. h4 f6 21. Rad1 Qc8 22. Nxg7 Kxg7 23. Qxh6+ Kg8 24. Qg6+ Kh8 25. Rd5 Ne5 26. Nxe5 Qe6 27. Nf7+ Rxf7 28. Rh5+ Rh7 29. Rxh7# 1-0

[Event "AUT-ch U18"]
[Site "St Veit"]
[Date "2017.04.11"]
[Round "5"]
[White "Morgunov, Marc"]
[Black "Ly, Dominik"]
[Result "1-0"]
[WhiteElo "2069"]
[BlackElo "2162"]
[PlyCount "45"]
[EventDate "2017.04.09"]
[EventType "swiss"]
[EventRounds "7"]
[EventCountry "AUT"]
[SourceTitle "CBM 178 Extra"]
[Source "ChessBase"]
[SourceDate "2017.06.22"]
[SourceVersion "1"]
[SourceVersionDate "2017.06.22"]
[SourceQuality "1"]

1. e4 c5 2. Nc3 e6 3. f4 g6 4. Nf3 Bg7 5. d4 cxd4 6. Nxd4 a6 7. Be3 Nc6 8. Qd2 Nge7 9. Be2 Qc7 10. 0-0 0-0 11. Rad1 Rd8 12. f5 exf5 13. exf5 Qe5 14. Nxc6 Nxc6 15. Nd5 Ne7 16. Bc4 Nxf5 17. Rxf5 gxf5 18. c3 Qe4 19. Bd4 Qg4 20. Bxg7 Kxg7 21. Nb6 d5 22. Nxa8 Be6 23. Nc7 1-0

[Event "AUT-ch U18"]
[Site "St Veit"]
[Date "2017.04.09"]
[Round "2"]
[White "Ly, Dominik"]
[Black "Kruckenhauser, Arthur"]
[Result "1-0"]
[WhiteElo "2162"]
[BlackElo "1872"]
[PlyCount "111"]
[EventDate "2017.04.09"]
[EventType "swiss"]
[EventRounds "7"]
[EventCountry "AUT"]
[SourceTitle "CBM 178 Extra"]
[Source "ChessBase"]
[SourceDate "2017.06.22"]
[SourceVersion "1"]
[SourceVersionDate "2017.06.22"]
[SourceQuality "1"]

1. e4 c5 2. Nf3 d6 3. d4 cxd4 4. Nxd4 Nf6 5. Nc3 g6 6. Be2 Bg7 7. Nb3 0-0 8. 0-0 Nc6 9. Bg5 Bd7 10. Re1 Rc8 11. Qd2 Ne5 12. Bf1 Nc4 13. Bxc4 Rxc4 14. Rad1 b5 15. e5 b4 16. Nd5 dxe5 17. Rxe5 e6 18. Ne3 Rc7 19. Rc5 Rb7 20. Na5 Rc7 21. Nc6 Rxc6 22. Rxc6 Qa5 23. Nc4 Qf5 24. Rc7 Ne4 25. Qf4 Ba4 26. Qxf5 exf5 27. Be7 Re8 28. b3 Nc3 29. Re1 Nd5 30. Rxa7 Bc3 31. Rd1 Bc6 32. Bg5 Re2 33. Ne3 Nxe3 34. Bxe3 f4 35. Bc5 Be4 36. h3 f3 37. gxf3 Bxf3 38. Bd4 Rxc2 39. Bxc3 bxc3 40. Rdd7 Rd2 41. Rac7 Bc6 42. Rxc6 Rxd7 43. Rxc3 Ra7 44. a4 Kf8 45. Re3 Ra5 46. Kf1 f5 47. Ke2 Kf7 48. Kd2 Kf6 49. Kc3 f4 50. Re4 Kf5 51. Rb4 Ra8 52. Kd3 Rd8+ 53. Rd4 Ra8 54. Rd5+ Ke6 55. Ke4 h5 56. Rb5 1-0

[Event "AUT-ch U18"]
[Site "St Veit"]
[Date "2017.04.09"]
[Round "1"]
[White "Wagner, Leopold Franziskus"]
[Black "Ly, Dominik"]
[Result "1/2-1/2"]
[WhiteElo "1912"]
[BlackElo "2162"]
[PlyCount "115"]
[EventDate "2017.04.09"]
[EventType "swiss"]
[EventRounds "7"]
[EventCountry "AUT"]
[SourceTitle "CBM 178 Extra"]
[Source "ChessBase"]
[SourceDate "2017.06.22"]
[SourceVersion "1"]
[SourceVersionDate "2017.06.22"]
[SourceQuality "1"]

1. d4 d5 2. c4 e6 3. Nc3 Be7 4. cxd5 exd5 5. Nf3 c6 6. Bf4 Bf5 7. e3 Nf6 8. Bd3 Bxd3 9. Qxd3 0-0 10. Bxb8 Rxb8 11. 0-0 Re8 12. Nd2 Bd6 13. g3 Qd7 14. Kg2 Re6 15. e4 dxe4 16. Ndxe4 Nxe4 17. Nxe4 Bf8 18. Kg1 h6 19. Rad1 Rd8 20. a3 f5 21. Nc3 Rd6 22. Ne2 Be7 23. Qc4+ Qe6 24. Qxe6+ Rxe6 25. Rfe1 Bf6 26. Rd2 Red6 27. Red1 Rd5 28. b4 b6 29. Rc2 c5 30. bxc5 bxc5 31. Nf4 Rxd4 32. Rdc1 Rd1+ 33. Kg2 Rxc1 34. Rxc1 Rc8 35. Kf3 c4 36. Nd5 Kf7 37. Ne3 c3 38. Nxf5 Ke6 39. Ne3 Rb8 40. Ke4 Rb3 41. Nc4 Be7 42. Kd3 Bf6 43. Ke4 Rb5 44. f4 Rd5 45. Ne5 Bxe5 46. fxe5 Ra5 47. Rxc3 Ra4+ 48. Kd3 Kxe5 49. Rc5+ Ke6 50. Rc3 Kf5 51. h3 Ke5 52. Rb3 a6 53. Rc3 Kd5 54. Rb3 h5 55. Rc3 h4 56. gxh4 Rxh4 57. Kd2 a5 58. Rg3 1/2-1/2

[Event "Donau op 25th"]
[Site "Aschach"]
[Date "2016.12.27"]
[Round "3"]
[White "Morgunov, Marc"]
[Black "Ly, Dominik"]
[Result "0-1"]
[WhiteElo "1993"]
[BlackElo "2160"]
[PlyCount "58"]
[EventDate "2016.12.26"]
[EventType "swiss"]
[EventRounds "7"]
[EventCountry "AUT"]
[SourceTitle "CBM 176 Extra"]
[Source "ChessBase"]
[SourceDate "2017.03.02"]
[SourceVersion "1"]
[SourceVersionDate "2017.03.02"]
[SourceQuality "1"]

1. e4 c5 2. Nc3 e6 3. f4 g6 4. Nf3 Bg7 5. d3 Ne7 6. g3 Nbc6 7. Bg2 0-0 8. 0-0 Rb8 9. g4 f5 10. gxf5 gxf5 11. e5 d6 12. exd6 Qxd6 13. Be3 Nd4 14. Ne5 Ng6 15. Nc4 Qd8 16. a4 b6 17. Ne2 Nh4 18. Bh1 Bb7 19. Bxb7 Rxb7 20. Nxd4 Bxd4 21. Kf2 Bxe3+ 22. Kxe3 Rg7 23. c3 Qd5 24. Qh5 Rg4 25. Ne5 Ng2+ 26. Kd2 Nxf4 27. Rxf4 Rg2+ 28. Kd1 Qxe5 29. Rf1 Qe3 0-1

[Event "Donau op 24th"]
[Site "Aschach"]
[Date "2015.12.27"]
[Round "2"]
[White "Sergeev, Vladimir"]
[Black "Ly, Dominik"]
[Result "1-0"]
[WhiteElo "2452"]
[BlackElo "2191"]
[PlyCount "97"]
[EventDate "2015.12.26"]
[EventType "swiss"]
[EventRounds "7"]
[EventCountry "AUT"]
[SourceTitle "CBM 170 Extra"]
[Source "ChessBase"]
[SourceDate "2016.02.25"]
[SourceVersion "1"]
[SourceVersionDate "2016.02.25"]
[SourceQuality "1"]

1. Nf3 c5 2. e4 d6 3. c3 Nf6 4. g3 Nc6 5. d3 g6 6. Bg2 Bg7 7. a3 0-0 8. 0-0 Rb8 9. Nbd2 b5 10. d4 Bg4 11. e5 dxe5 12. h3 Bf5 13. dxe5 Nd7 14. e6 Bxe6 15. Ng5 Nce5 16. Nxe6 fxe6 17. Qe2 Qb6 18. Ne4 h6 19. Be3 Nc4 20. Bf4 e5 21. Bc1 Nf6 22. a4 a6 23. axb5 axb5 24. h4 Kh7 25. Be3 Nxe3 26. Qxe3 c4 27. Qe2 Rbd8 28. Rad1 Rxd1 29. Rxd1 Rd8 30. Bf3 Rxd1+ 31. Qxd1 Qe6 32. Kg2 Qf5 33. Qb1 Kh8 34. Qa1 Qd7 35. Qa6 Kh7 36. Qb6 Nd5 37. Qc5 Nc7 38. Qa7 Qd8 39. h5 g5 40. Nc5 Bf6 41. Be4+ Kh8 42. Qb6 Qc8 43. Kh2 Ne8 44. Nb7 Nc7 45. Qc6 Qb8 46. Qd7 Kg8 47. Kg2 Kf8 48. Nd8 Qb6 49. Qxc7 1-0